Book quiz: Catcher in the rye - Statistics

General Stats
  • This quiz has been taken 46 times
  • The average score is 7 of 10
Answer Stats
Question Answer % Correct
The Catcher in the Rye is narrated by a young man named: Holden
97%
The narrator goes downstairs to the Lavender Room and sits at a table, but the waiter realizes he’s a minor and refuses to serve him. He flirts with three Women
97%
Maurice, the______ Operator Elevator operator
87%
Maurice offers to sell a prostitute to the narrator for X$ 5$
84%
The Narrator is not specific about his location while he’s telling the story, but he makes it clear that he is undergoing treatment in a: Mental Hospital
77%
The narrator calls his former English teacher: Mr. Antolini
77%
The Catcher in the Rye is set around the: 1950s
71%
The story begins on the Saturday following the end of classes at the Pencey prep school in Hagerstown, Pennsylvania. Pencey is the narrator's: Fourth school
42%
The narrator isn’t sufficiently recovered to have sex with the prostitute, but he offers to pay her anyway. She sits on his lap and talks: Dirty
39%
The narrator wakes up at: 10'o Clock
13%
No matching quizzes found
Score Distribution
Percent of People with Each Score
Percentile by Number Answered
Your Score History
You have not taken this quiz